000 00438nam a2200169Ia 4500
005 20250324125506.0
008 240331s9999 xx 000 0 und d
020 _a8187477091
082 _bRAM
_a894
100 _aRamaswamy, S
245 0 _aNa. Pitchamoorthiyin kalai :
_bmarabum manidha neyamum
250 _a2nd
260 _aNagercoil
_bKalachuvadu Pathippagam
_c2001
300 _a128 p .,
650 _aCritical study
942 _cL
999 _c4149
_d4149